| 000 | 00815nam a2200241 i 4500 | ||
|---|---|---|---|
| 001 | 135132 | ||
| 003 | ES-MaACL | ||
| 005 | 20250809050517.0 | ||
| 007 | t| | ||
| 008 | 070710s1982 sp |||| | spa d | ||
| 020 | _a84-7339-596-4 | ||
| 100 | 1 |
_aTomachevski, Boris. _9110493 |
|
| 245 | 1 | 0 |
_aTeoría de la literatura / _cBoris Tomachevski ; prólogo, Fernando Lázaro Carreter ; [traducción, Marcial Suárez]. |
| 260 |
_aMadrid : _bAkal, _c[1982] |
||
| 300 |
_a272 p. ; _c22 cm. |
||
| 490 | 1 | _aAkal universitaria. Serie letras, 15 | |
| 650 | 4 |
_aLiteratura- _xFilosofía. _914488 |
|
| 700 | 1 |
_aLázaro Carreter, Fernando, _d1923-2004 _970798 |
|
| 700 | 1 |
_aSuárez, Marcial. _9108573 |
|
| 830 | 1 | 0 |
_aAkal universitaria. _pLetras _9183293 |
| 852 | 4 |
_aES-MaACL _jL-10056 |
|
| 999 |
_c135132 _d135132 |
||